Estatística básica / (Record no. 1320)
[ view plain ]
| 000 -LÍDER | |
|---|---|
| Campo Fixo de Controle | 00645nam a2200229 a 4500 |
| 001 - NÚMERO DE CONTROLE | |
| Campo de Controle | 1320 |
| 003 - IDENTIFICAÇÃO DO NÚMERO DE CONTROLE | |
| Campo de Controle | BR-CuiBMT |
| 005 - DATA E HORA DA ÚLTIMA ATUALIZAÇÃO | |
| Campo de Controle | 20231206193851.0 |
| 008 - DADOS FIXOS | |
| Dados Fixos | 231205s2000 dfba 000 0 por d |
| 020 ## - INTERNATIONAL STANDARD BOOK NUMBER | |
| Nº do ISBN | 8586546321 |
| 040 ## - AGÊNCIA CATALOGADORA | |
| Código da Agência Catalogadora | BR-CuiBMT |
| Agência que transcreveu o registro | BR-CuiBMT |
| 080 ## - Nº DA CLASSIFICAÇÃO DECIMAL UNIVERSAL | |
| Nº edição CDU | 2007 |
| Nº Class. CDU | 519.2 |
| 090 ## - NÚMERO DE CHAMADA | |
| Nº classificação | 519.2 |
| Cutter | W233e |
| 100 10 - ENTRADA PRINCIPAL -- AUTOR PESSOAL | |
| Nome pessoal | Walter, Maria Inez M. T. |
| 245 ## - TÍTULO PRINCIPAL | |
| Título principal | Estatística básica / |
| Indicação de responsabilidade | Maria Inez M. T. Walter. |
| 260 ## - PUBLICAÇÃO, DISTRIBUIÇÃO, ETC. | |
| Local de publicação | Brasília : |
| Editora | MSD, |
| Data | 2000. |
| 300 ## - DESCRIÇÃO FÍSICA | |
| N. páginas ou volumes | 67 p. : |
| Ilustrações | il. |
| Dimensões | 22 cm |
| 504 ## - NOTA DE BIBLIOGRAFIA, ETC. | |
| Nota de bibliografia | Inclui bibliografia. |
| 650 ## - ASSUNTO TÓPICO | |
| Cabeçalho tópico ou nome geográfico | Estatística básica |
| Subdivisão geral | Estudo e ensino |
| 650 ## - ASSUNTO TÓPICO | |
| Cabeçalho tópico ou nome geográfico | Estatística |
| Subdivisão geral | Tabelas |
| -- | Treinamentos |
| 942 ## - ELEMENTOS DE ENTRADA ADICIONAIS (KOHA) | |
| Fonte de classificação ou esquema de arquivamento | Classificação Decimal Universal |
| Tipo de item do Koha | Livros |
| Estado: removido | Estado: perdido | Fonte de classificação ou esquema de arquivamento | Estado: danificado | Indisponível para empréstimo | Localização permanente | Localização atual | Data de aquisição | Total Checkouts | Número de Chamada completo | Código de barras | Date last seen | Número do exemplar | Preço efetivo a partir de | Tipo de item (Koha) |
|---|---|---|---|---|---|---|---|---|---|---|---|---|---|---|
| Classificação Decimal Universal | Biblioteca da Escola Superior de Contas do TCE/MT | Biblioteca da Escola Superior de Contas do TCE/MT | 04/12/2023 | 519.2 W233e | BIBTCEMT23120163 | 05/12/2023 | Ex. 1 | 05/12/2023 | Livros |